| 000 | 00506nam a2200169Ia 4500 | ||
|---|---|---|---|
| 003 | OSt | ||
| 005 | 20220830040251.0 | ||
| 008 | 211109s9999||||xx |||||||||||||| ||und|| | ||
| 040 | _csbcl | ||
| 082 |
_a822.33 _bSHA-V |
||
| 100 |
_aHorace Howard Furness _aShakespeare |
||
| 245 | 0 | _aThe Tragedies of Anthonie and Cleopatra | |
| 260 |
_bJ b Lippincott Company _aPhiladelphia _c2008 |
||
| 630 | _xPOST GRADUATE REFERENCE | ||
| 650 |
_aEnglish & Old English literatures _vEnglish Drama _xLiterature |
||
| 942 | _cBOOK | ||
| 999 |
_c2747 _d2747 |
||